O Dano Moral na Dispensa do Empregado

Detalles Bibliográficos
Autor principal: Ribeiro dos Santos, Enoque
Formato: Libro
Lenguaje:portugués
Publicado: Brasil LTR 2015
Materias:
Acceso en línea:Acceso restringido

MARC

LEADER 00000nam a22000007a 4500
005 20160520133830.0
007 cr|||| ||u|
008 160520s2015 bl ||||| |||| 00||0 por d
020 |a 978-85-361-8691-7 
035 |a 14252 
040 |a vLex  
090 |c 6119  |d 6119 
100 1 |a Ribeiro dos Santos, Enoque 
245 1 0 |a O Dano Moral na Dispensa do Empregado  |h [Recurso electrn̤ico] /  |c Enoque Ribeiro dos Santos 
256 |a Servicio en ln̕ea  
260 |a Brasil  |b LTR  |c 2015 
300 |a 1 recurso electrn̤ico (5® Ediȯ̂ 304 pg̀s) 
506 1 |a Contenido solo disponible en los productos indicados  |d vLex Global  |d vLex Global (Academic Edition, excluding Law Schools)  |d vLex Global (U.S. Academic Edition, Law Schools)  |d vLex Global (U.S. Academic Edition, excluding Law Schools)  |d vLex Global (Academic Edition, Law Schools) 
650 0 4 |a Derecho  |z Brasil  
740 0 |a vLex libros (servicio en ln̕ea)  
856 4 0 |u http://vlex.com/source/dano-moral-dispensa-empregado-14252  |z Acceso restringido  
942 |c BOOK 
999 0 |a Law   |b Brasil